<?xml version="1.0" encoding="UTF-8"?>
<record
    xmlns:xsi="http://www.w3.org/2001/XMLSchema-instance"
    xsi:schemaLocation="http://www.loc.gov/MARC21/slim http://www.loc.gov/standards/marcxml/schema/MARC21slim.xsd"
    xmlns="http://www.loc.gov/MARC21/slim">

  <leader>01517cam a2200265 a 4500</leader>
  <controlfield tag="001">000010229</controlfield>
  <controlfield tag="005">20240625135917.0</controlfield>
  <controlfield tag="008">960305s1995    ve            000 p spa  </controlfield>
  <datafield tag="020" ind1=" " ind2=" ">
    <subfield code="a">9803450484</subfield>
  </datafield>
  <datafield tag="035" ind1=" " ind2=" ">
    <subfield code="a">(DLC) 96121602</subfield>
  </datafield>
  <datafield tag="040" ind1=" " ind2=" ">
    <subfield code="a">DO-SdBNP</subfield>
    <subfield code="c">DLC</subfield>
    <subfield code="d">DLC</subfield>
    <subfield code="d">BNPHU</subfield>
  </datafield>
  <datafield tag="082" ind1=" " ind2=" ">
    <subfield code="a">Cu861.44</subfield>
    <subfield code="b">P745p</subfield>
  </datafield>
  <datafield tag="245" ind1="0" ind2="0">
    <subfield code="a">Poetas cubanos actuales /</subfield>
    <subfield code="c">selecci&#xF3;n, pr&#xF3;logo y notas, Daniuska Gonz&#xE1;lez.</subfield>
  </datafield>
  <datafield tag="260" ind1=" " ind2=" ">
    <subfield code="a">Miranda, Venezuela :</subfield>
    <subfield code="b">Ateneo de Los Teques :</subfield>
    <subfield code="b">Colegio Universitario de Los Teques "Cecilio Acosta" :</subfield>
    <subfield code="b">Ateneo de Petare,</subfield>
    <subfield code="c">[1995].</subfield>
  </datafield>
  <datafield tag="300" ind1=" " ind2=" ">
    <subfield code="a">136 p. ;</subfield>
    <subfield code="c">20 cm.</subfield>
  </datafield>
  <datafield tag="490" ind1="1" ind2=" ">
    <subfield code="a">Ateneo de Los Teques</subfield>
    <subfield code="v">25</subfield>
  </datafield>
  <datafield tag="520" ind1="1" ind2=" ">
    <subfield code="a">En esta antolog&#xED;a, Confeccionada para el p&#xFA;blico venezolano, la actualidad de la poes&#xED;a cubana no Excluye un Establecidos los poetas, como Dulce Mar&#xED;a Loynaz, Cintio Vitier, Fina Garc&#xED;a-Marruz, Miguel Barnet. Poetas actuales Aquellos que todos son VIVEN Y sin importar Mantienen una obra sistem&#xE1;tica 'su Reconocimiento o no. " La antolog&#xED;a no Persigue AGRUPAR A LOS Diferentes poetas Ni a sus respectivas est&#xE9;ticas, si bien la nota introductoria advierte al lector de estas diferencias "- Handbook of Latin American Studies, v. 58.</subfield>
  </datafield>
  <datafield tag="650" ind1=" " ind2="4">
    <subfield code="a">Poes&#xED;a cubana</subfield>
    <subfield code="x">Cr&#xED;tica e interpretaci&#xF3;n</subfield>
    <subfield code="9">19776</subfield>
  </datafield>
  <datafield tag="650" ind1=" " ind2="4">
    <subfield code="a">Poetas cubanos</subfield>
    <subfield code="y">SIGLO XX</subfield>
    <subfield code="9">25234</subfield>
  </datafield>
  <datafield tag="650" ind1=" " ind2="4">
    <subfield code="a">Literatura cubana</subfield>
    <subfield code="x">Cr&#xED;tica e interpretaci&#xF3;n</subfield>
    <subfield code="y">SIGLO XX</subfield>
    <subfield code="9">25235</subfield>
  </datafield>
  <datafield tag="700" ind1="1" ind2=" ">
    <subfield code="a">Gonz&#xE1;lez, Daniuska,</subfield>
    <subfield code="d">1967-</subfield>
    <subfield code="9">13702</subfield>
  </datafield>
  <datafield tag="830" ind1=" " ind2="0">
    <subfield code="a">Ateneo de Los Teques ;</subfield>
    <subfield code="v">25</subfield>
    <subfield code="9">20903</subfield>
  </datafield>
  <datafield tag="910" ind1=" " ind2=" ">
    <subfield code="a">Catalogaci&#xF3;n por copia / LC</subfield>
  </datafield>
  <datafield tag="049" ind1=" " ind2=" ">
    <subfield code="a">BNGR</subfield>
  </datafield>
  <datafield tag="952" ind1=" " ind2=" ">
    <subfield code="0">0</subfield>
    <subfield code="1">0</subfield>
    <subfield code="5">2</subfield>
    <subfield code="7">0</subfield>
    <subfield code="8">MO</subfield>
    <subfield code="a">GR</subfield>
    <subfield code="b">GR</subfield>
    <subfield code="c">CT</subfield>
    <subfield code="d">2009-10-05</subfield>
    <subfield code="i">LF1</subfield>
    <subfield code="l">0</subfield>
    <subfield code="o">Cu861.44 P745p</subfield>
    <subfield code="p">10229-10</subfield>
    <subfield code="r">2020-06-25</subfield>
    <subfield code="w">2020-06-25</subfield>
    <subfield code="y">2</subfield>
    <subfield code="Z">Pr&#xE9;stamo interno</subfield>
  </datafield>
  <datafield tag="999" ind1=" " ind2=" ">
    <subfield code="c">9988</subfield>
    <subfield code="d">9988</subfield>
  </datafield>
</record>
